00731nam a22002177a 4500003000500000005001700005008004100022020002600063040001900089050002000108082001200128100002200140245004100162260004800203300002500251500005700276505010500333538003400438650001500472856002600487Nust20170519122245.0131218b xxu||||| |||| 00| 0 eng d cAvailablea013260034X aDLCbDLCcRCMS a310 CAPb000863 a310 CAP aCaplow, Theodore. aElementary SociologycCaplow,Theodor aIslamabadbNational Book Foundation cc1971 a503 p.bill:c25,cm. aSecond ed. published in 1975 under title: Sociology. aSociological Theory And Research (Page-2), Sociological Fields (Page-196), Macrosociology (Page-580) iShelf # 13, Row # 2, Fiction. aSociology. 3Table of Content Only